000 01474cam a2200157 4500500
005 20260329002556.0
041 _afre
042 _adc
100 1 0 _aMoureau, François
_eauthor
245 0 0 _aChristophe Schuwey, Un Entrepreneur des lettres au XVIIe siècle, Donneau de Visé, de Molière au Mercure galant, Paris, Classiques Garnier, “Lire le XVIIe siècle”, 2020, 552 pp., 15 × 22 cm.
260 _c2023.
500 _a32
520 _aThis paper deals with the intellectual itinerary of the late Alsatian historian Jean Meyer (1924-2022). One of the “Malgré-nous,” agrégé in history in 1952, and posted to teach in Nantes, Meyer devoted his thesis to the Breton nobility, which he understood in a broad sense, of the eighteenth century. He obtained a university teaching post at Rennes in 1966, then at Paris-IV Sorbonne in 1980. His career has two stages, one devoted to Brittany, the other, the Parisian period, with its broader perspectives. Indeed, his very varied body of work is distinguished by its breadth of view: encompassing the point of view of the state and that of the province, and illuminated by an international bibliography and European comparisons; all this accompanied by a sovereign indifference to historiographical fashions.
786 0 _nDix-septième siècle | o 299 | 2 | 2023-04-18 | p. 373-375 | 0012-4273
856 4 1 _uhttps://shs.cairn.info/journal-dix-septieme-siecle-2023-2-page-373?lang=en&redirect-ssocas=7080
999 _c1816285
_d1816285